Интеллектуальная интегрированная оптико-телевизионная медицинская диагностическая система анализа цветных изображений органов человека: автореферат диссертации на соискание ученой степени кандидата технических наук; спец. 05.11.17

Bibliografische gegevens
Hoofdauteur: Жданов Д. С. Дмитрий Сергеевич
Coauteurs: Национальный исследовательский Томский государственный университет (ТГУ), Национальный исследовательский Томский политехнический университет (ТПУ)
Andere auteurs: Сырямкин В. И. Владимир Иванович (научный руководитель)
Samenvatting:Защита сост. 11.11.2014 г.
Taal:Russisch
Gepubliceerd in: Томск, 2014
Onderwerpen:
Formaat: MixedMaterials Boek
KOHA link:https://koha.lib.tpu.ru/cgi-bin/koha/opac-detail.pl?biblionumber=275845

MARC

LEADER 00000nam0a2200000 4500
001 275845
005 20231101234850.0
035 |a (RuTPU)RU\TPU\book\299098 
090 |a 275845 
100 |a 20141117d2014 k y0rusy50 ca 
101 0 |a rus 
102 |a RU 
105 |a a dm 001zy 
200 1 |a Интеллектуальная интегрированная оптико-телевизионная медицинская диагностическая система анализа цветных изображений органов человека  |e автореферат диссертации на соискание ученой степени кандидата технических наук  |e спец. 05.11.17  |f Д. С. Жданов  |g Национальный исследовательский Томский политехнический университет (ТПУ) ; науч. рук. В. И. Сырямкин 
210 |a Томск  |d 2014 
215 |a 20 с.  |c ил. 
300 |a Защита сост. 11.11.2014 г. 
320 |a Библиогр.: с. 18-20 (28 назв.). 
452 1 |0 (RuTPU)RU\TPU\book\293743  |t Интеллектуальная интегрированная оптико-телевизионная медицинская диагностическая система анализа цветных изображений органов человека  |o автореферат диссертации на соискание ученой степени кандидата технических наук  |o спец. 05.11.17  |f Д. С. Жданов  |g Национальный исследовательский Томский политехнический университет (ТПУ), Институт неразрушающего контроля (ИНК), Кафедра промышленной и медицинской электроники (ПМЭ) ; науч. рук. В. И. Сырямкин  |c Томск  |d 2014  |a Жданов, Дмитрий Сергеевич 
606 1 |a Медицинская электроника  |2 stltpush  |3 (RuTPU)RU\TPU\subj\41800  |9 61579 
610 1 |a медицинская диагностика 
610 1 |a методы 
610 1 |a средства 
610 1 |a интеллектуальные медицинские диагностические системы 
610 1 |a разработка 
610 1 |a цветные изображения 
610 1 |a оптико-телевизионные медицинские диагностические системы 
610 1 |a программное обеспечение 
610 1 |a тестовые программы 
610 1 |a телемедицинские технологии 
610 1 |a авторефераты диссертаций 
610 1 |a труды учёных ТПУ 
675 |a 615.84(04)  |v 3 
686 |a 05.11.17  |2 oksvnk 
700 1 |a Жданов  |b Д. С.  |c электрофизик  |c ассистент Томского политехнического университета  |f 1985-  |g Дмитрий Сергеевич  |2 stltpush  |3 (RuTPU)RU\TPU\pers\32721 
702 1 |a Сырямкин  |b В. И.  |c специалист в области информатики и вычислительной техники  |c профессор Томского политехнического университета, доктор технических наук  |f 1947-  |g Владимир Иванович  |2 stltpush  |3 (RuTPU)RU\TPU\pers\29344  |4 727 
712 0 2 |a Национальный исследовательский Томский государственный университет (ТГУ)  |c (2009- )  |2 stltpush  |3 (RuTPU)RU\TPU\col\17230 
712 0 2 |a Национальный исследовательский Томский политехнический университет (ТПУ)  |c (2009- )  |2 stltpush  |3 (RuTPU)RU\TPU\col\15902 
801 1 |a RU  |b 63413507  |c 20141117 
801 2 |a RU  |b 63413507  |c 20150607  |g RCR 
942 |c BK